| 000 | 01985nam a2200457Ii 4500 | ||
|---|---|---|---|
| 001 | DIGVIETO263 | ||
| 003 | NyNyDIG | ||
| 006 | m o d | ||
| 007 | cr ||||||||||| | ||
| 008 | 220628s2019 sp ob 001 0 spa d | ||
| 035 | _a(OCoLC)1335130223 | ||
| 040 |
_aDGITA _beng _erda _epn _cDGITA |
||
| 020 | _z9788417700256 | ||
| 043 | _ae-sp--- | ||
| 050 | 1 | 4 | _aHN583.5 ebook |
| 100 | 1 |
_aSacristán Luzón, Manuel, _eauthor. |
|
| 245 | 1 | 0 |
_aBarbarie y resistencias : _bsobre movimientos sociales críticos y alternativos / _cManuel Sacristán y Francisco Fernández Buey ; edición, presentación y notas de Salvador López Arnal y Jordi Mir Garcia. |
| 264 | 1 |
_aVilassar de Dalt, Barcelona : _bEl Viejo Topo, _c[2019] |
|
| 300 | _a1 online resource. | ||
| 336 |
_atext _btxt _2rdacontent |
||
| 337 |
_acomputer _bc _2rdamedia |
||
| 338 |
_aonline resource _bcr _2rdacarrier |
||
| 347 |
_atext file _2rdaft |
||
| 347 | _bPDF | ||
| 504 | _aIncludes bibliographical references and index. | ||
| 588 | 0 | _aOnline resource; title from PDF title page (Digitalia, viewed June 28, 2022) | |
| 650 | 0 |
_aProtest movements _zSpain _xHistory _y20th century. |
|
| 650 | 0 |
_aSocial movements _zSpain _xHistory _y20th century. |
|
| 650 | 0 |
_aLabor movement _zSpain _xHistory _y20th century. |
|
| 651 | 0 |
_aSpain _xSocial conditions _y20th century. |
|
| 655 | 0 | _aElectronic books. | |
| 700 | 1 |
_aFernández Buey, Francisco, _eauthor. |
|
| 700 | 1 |
_aLópez, Salvador _q(López Arnal), _eeditor, _econtributor agent of text. |
|
| 700 | 1 |
_aMir García, Jordi, _eeditor, _econtributor agent of text. |
|
| 791 | 2 |
_aDigitalia (Firm), _edistributor. |
|
| 793 | 0 |
_gDigitalia eBook Collection: _aEl Viejo Topo |
|
| 776 | 0 | 8 |
_iPrint version: _aSacristán Luzón, Manuel. _tBarbarie y resistencias. _dVilassar de Dalt, Barcelona : El Viejo Topo, [2019] _z9788417700256 |
| 856 | 4 | 0 |
_3Digitalia Hispánica _uhttps://www.digitaliapublishing.com/a/103954/ |
| 910 | _aPremium collection: 2022 | ||
| 942 | _cRAA | ||
| 999 |
_c269945 _d269945 |
||